000 02086nam0a2200373 4500
001 RU\NLR\bibl\398993
005 20250622163253.0
010 _a5-98032-071-7
_bВ пер.
_95000
021 _aRU
_b2003-13020
_9599
035 _a(NLR Aleph) 000393194
090 _a528674
_c528674
100 _a20030425d2003 |||y0rusy50 ca
101 0 _arus
102 _aRU
105 _ay |||||||||
200 1 _aКомментарий к гражданскому процессуальному кодексу Российской Федерации
_fВ. В. Пиляева
210 _aМ.
_cКноРус
_cВелби
_d2003
215 _a461 с.
_d22
320 _aПредм. указ.: с. 397-411
604 _171001$aРоссийская Федерация
_150011$aГражданский процессуальный кодекс$jКомментарии$2nlr_sh2$3RU\NLR\AUTH\661262192
_aРоссийская Федерация
_tГражданский процессуальный кодекс
_jКомментарии
_92086065
_3RU\NLR\AUTH\661262192
604 _171001$aРоссийская Федерация. Законы
_150011$aГражданский процессуальный кодекс Российской Федерации$2psbo
_aРоссийская Федерация. Законы
_tГражданский процессуальный кодекс Российской Федерации
606 0 _aГражданский процессуальный кодекс
_jКомментарии
_yРоссийская Федерация
_92075486
_3RU\NLR\auth\661250561
610 0 _aГражданский процессуальный кодекс Российской Федерации
675 _a347.9(470)
_v3
_zrus
686 _a10.31
_2rugasnti
686 _a67.410
_2rubbk
686 _aХ629.2-324.9(2Р)
700 1 _aПиляева
_bВ. В.
_gВалентина Владимировна
_4070
801 0 _aRU
_bRKP
_c20030425
_gPSBO
801 1 _aRU
_bRKP
_c20030425
801 2 _aRU
_bNLR
_c20030616
_grcr
942 _cBOOK
980 _aNB